¿Por qué no intentar otras formas de medir la calidad? / tr. de Carlos Maria de Allende (Record no. 79576)

MARC details
000 -CABECERA
campo de control de longitud fija 00666nam a2200217 a 4500
005 - FECHA Y HORA DE LA ÚLTIMA TRANSACCIÓN
campo de control 20210219153537.0
008 - ELEMENTOS DE LONGITUD FIJA--INFORMACIÓN GENERAL
campo de control de longitud fija 991125n 000 0 spa u
035 ## - NÚMERO DE CONTROL DEL SISTEMA
Número de control de sistema UPN01000105636
100 ## - ASIENTO PRINCIPAL--NOMBRE PERSONAL
Nombre de persona ASTIN, Alexander W.
222 ## - TÍTULO CLAVE
Título clave REVISTA DE LA EDUCACION SUPERIOR
245 ## - MENCIÓN DE TÍTULO
Título ¿Por qué no intentar otras formas de medir la calidad? / tr. de Carlos Maria de Allende
300 ## - DESCRIPCIÓN FÍSICA
Extensión 120-125
362 ## - FECHAS DE PUBLICACIÓN Y/O DESIGNACIÓN SECUENCIAL
Fecha de publicación y/o designación secuencial 1991 vol. 20. no. 2(78), abr.-jun.
653 0# - TERMINO DE INDIZACION - NO CONTROLADO
Término no controlado CALIDAD EDUCATIVA
653 0# - TERMINO DE INDIZACION - NO CONTROLADO
Término no controlado CRITERIOS DE EVALUACION
653 0# - TERMINO DE INDIZACION - NO CONTROLADO
Término no controlado EDUCACION SUPERIOR
653 0# - TERMINO DE INDIZACION - NO CONTROLADO
Término no controlado SOCIEDAD
700 ## - ASIENTO SECUNDARIO--NOMBRE DE PERSONAL
Nombre de persona ALLENDE, Carlos Maria de, tr.
904 ## - ELEMENTOS DE DATOS D LOCAL, LDD (RLIN)
a AC
b 043447
905 ## - TIPO DE MATERIAL
Tipo de material Articulo

No items available.